|
|
|
|
| LEADER |
00000nam0a2200000 4500 |
| 001 |
51371 |
| 005 |
20231031035428.0 |
| 035 |
|
|
|a (RuTPU)RU\TPU\book\53792
|
| 090 |
|
|
|a 51371
|
| 100 |
|
|
|a 20030429d1966 m y0rusy50 ca
|
| 101 |
0 |
|
|a rus
|
| 102 |
|
|
|a UA
|
| 105 |
|
|
|a a j 001zy
|
| 200 |
1 |
|
|a Автоматическое регулирование в энергосистемах
|e учебное пособие для вузов
|f С. Н. Баженов, В. Л. Бенин
|
| 210 |
|
|
|a Киев
|c Технiка
|d 1966
|
| 215 |
|
|
|a 411 с.
|c черт.
|
| 320 |
|
|
|a Библиогр.: с. 406-409
|
| 610 |
1 |
|
|a энергетические системы
|
| 610 |
1 |
|
|a автоматическое регулирование
|
| 610 |
1 |
|
|a учебные пособия
|
| 610 |
1 |
|
|a генераторы синхронные
|
| 675 |
|
|
|a 621.316.7
|v 3
|
| 700 |
|
1 |
|a Баженов
|b С. Н.
|g Сергей Николаевич
|
| 701 |
|
1 |
|a Бенин
|b В. Л.
|g Владимир Львович
|
| 801 |
|
1 |
|a RU
|b 63413507
|c 20030429
|g PSBO
|
| 801 |
|
2 |
|a RU
|b 63413507
|c 20220524
|g PSBO
|
| 942 |
|
|
|c BK
|